Pays qui finissent par N - Statistiques

Statistiques générales
  • Ce quiz a été pris 265 fois
  • Le résultat moyen est 15 sur 23
Statistiques - réponses
Hint Réponse % Correct
Y Yémen
90%
K Kazakhstan
87%
A Afghanistan
86%
P Pakistan
86%
O Ouzbékistan
85%
T Turkménistan
84%
O Oman
82%
J Japon
79%
I Iran
76%
T Tadjikistan
76%
V Vatican
76%
A Azerbaïdjan
70%
L Liban
68%
B Bhoutan
66%
S Soudan
60%
B Bénin
57%
G Gabon
56%
B Bahreïn
43%
C Cameroun
40%
L Liechtenstein
33%
N Saint-Marin
29%
S Iles Salomon
22%
K Kirghizstan
18%
Aucun quiz correspondant
Distribution des résultats
% des personnes avec chaque résultat
Percentile par nombre de réponses
Votre historique - résultats
Vous n’avez pas pris ce quiz